The Big 6 Football Clubs In Premier League - Statistics

General Stats
  • This quiz has been taken 38 times
  • The average score is 6 of 6
Answer Stats
Premier League Football Clubs % Correct
Manchester City
100%
Manchester United
100%
Arsenal
97%
Liverpool
97%
Chelsea
94%
Tottenham
80%
No matching quizzes found
Score Distribution
Percent of People with Each Score
Percentile by Number Answered
Your Score History
You have not taken this quiz